| 000 | nam a22 7a 4500 | ||
|---|---|---|---|
| 999 |
_c144114 _d144112 |
||
| 005 | 20180910114423.0 | ||
| 008 | 180910b2018 mx ||||| |||| 001 0 spa d | ||
| 020 | _a9786071655530 | ||
| 050 | 0 | 4 |
_aKGF4550 _bA53 2018 |
| 100 | 1 |
_aAndrade Martínez, Marcela, _eautor |
|
| 245 | 1 | 0 |
_aReforma en materia de disciplina financiera de las entidades federativas y los municipios / _cMarcela Andrade Martínez. |
| 250 | _aPrimera edición | ||
| 260 |
_aMéxico : _bFondo de Cultura Económica, _cc2018 |
||
| 300 |
_a140 páginas ; _c21cm. |
||
| 490 | 0 | _aAdministración Pública : Reformas Estructurales | |
| 504 | _aIncluye índice | ||
| 650 | 7 |
_2lemb _aInstituciones financieras _xLegislación _zMéxico |
|
| 650 | 7 |
_2lemb _aAdministración pública _zMéxico |
|
| 942 |
_2lcc _cLIB |
||